<?xml version="1.0" encoding="UTF-8"?>
<collection xmlns="http://www.loc.gov/MARC21/slim">
  <record>
    <leader>00000nam  2200000   4500</leader>
    <controlfield tag="001">INLIS000000000016774</controlfield>
    <controlfield tag="005">20240131111242</controlfield>
    <datafield tag="035" ind1="#" ind2="#">
      <subfield code="a">0010-0124000091</subfield>
    </datafield>
    <controlfield tag="007">ta</controlfield>
    <controlfield tag="008">240131################|##########|#|##</controlfield>
    <datafield tag="084" ind1="#" ind2="#">
      <subfield code="a">R 076 LATSAR 2021</subfield>
    </datafield>
    <datafield tag="100" ind1=" " ind2="#">
      <subfield code="a">Daud Eko Cahyo Rukmono</subfield>
    </datafield>
    <datafield tag="245" ind1="1" ind2="#">
      <subfield code="a">Sistem Bantuan Hukum Bawaslu Provinsi Sulawesi Barat (Siabntu Online Bawaslu SulBar) /</subfield>
      <subfield code="c">Daud Eko Cahyo Rukmono</subfield>
    </datafield>
    <datafield tag="250" ind1="#" ind2="#">
      <subfield code="a">1</subfield>
    </datafield>
    <datafield tag="260" ind1="#" ind2="#">
      <subfield code="a">Jakarta :</subfield>
      <subfield code="b">Pusbangkader,</subfield>
      <subfield code="c">2021</subfield>
    </datafield>
    <datafield tag="300" ind1="#" ind2="#">
      <subfield code="a">70 halaman ;</subfield>
      <subfield code="c">30 cm</subfield>
    </datafield>
    <datafield tag="650" ind1="#" ind2="4">
      <subfield code="a">Sistem Bantuan Hukum</subfield>
    </datafield>
    <datafield tag="520" ind1="#" ind2="#">
      <subfield code="a">Diterbitkanlah Peraturan Bawaslu Nomor 26 Tahun 2018 Tentang Tata Cara Pemberian Layanan Bantuan Hukum di Lingkungan Bawaslu dan S.O.P Nomor 0016/Bawaslu/SJ/OT.03 Tahun 2020 Tentang Pemberian Bantuan Hukum untuk memberikan perlindungan hukum bagi Pengawas Pemilu, Pejabat dan Pegawai di Lingkungan Bawaslu. Namun, dalam pelaksanaan pemberian layanan bantuan hukum di Bawaslu Provinsi Sulawesi Barat belum berjalan dengan efisien dan hemat waktu pengajuan permohonan layanan bantuan hukum. Hal itu disebabkan karena kurangnya sosialisasi layanan bantuan hukum dan sistem yang digunakan belum terdigitalisasi.</subfield>
    </datafield>
    <datafield tag="856" ind1="#" ind2="#">
      <subfield code="a">Perpustakaan LAN Pusat</subfield>
    </datafield>
    <datafield tag="990" ind1="#" ind2="#">
      <subfield code="a">23.11.076</subfield>
    </datafield>
  </record>
</collection>
